Sports Quiz

Random Sports or NFL Quiz

NFL QB Rushing Leaders (Season) Quiz Stats

 Plays Quiz Updated Aug 9, 2015

Challenge
Share
Tweet
Embed
Score 0/36 Timer 08:00
7 Plays Today
Yards (Year) Name % Correct
1,039 (2006)Michael Vick
97.6%
902 (2004)Michael Vick
97.6%
777 (2002)Michael Vick
97.6%
597 (2005)Michael Vick
97.6%
589 (2011)Michael Vick
97.6%
676 (2010)Michael Vick
97.3%
706 (2011)Cam Newton
97.2%
741 (2012)Cam Newton
97.2%
585 (2013)Cam Newton
97.2%
539 (2014)Cam Newton
97.2%
842 (2014)Russell Wilson
94.9%
529 (2013)Russell Wilson
94.9%
815 (2012)Robert Griffin III
89%
639 (2014)Colin Kaepernick
88.9%
576 (2014)Colin Kaepernick
88.9%
523 (2013)Colin Kaepernick
88.9%
537 (1992)Steve Young
85.5%
552 (2006)Vince Young
85%
Yards (Year) Name % Correct
629 (2000)Donovan McNabb
84.8%
660 (2011)Tim Tebow
80.6%
674 (1997)Steve McNair
79.9%
559 (1998)Steve McNair
79.9%
942 (1990)Randall Cunningham
78%
624 (1988)Randall Cunningham
78%
621 (1989)Randall Cunningham
78%
549 (1992)Randall Cunningham
78%
540 (1986)Randall Cunningham
78%
505 (1987)Randall Cunningham
78%
609 (2002)Daunte Culpepper
74.6%
529 (2000)Rich Gannon
59%
576 (2013)Terrelle Pryor
47.7%
539 (1978)Steve Grogan
26.1%
968 (1972)Bobby Douglass
14.6%
525 (1973)Bobby Douglass
14.6%
530 (1971)Greg Landry
9.9%
524 (1972)Greg Landry
9.9%

You're not logged in!

Compare scores with friends on all Sporcle quizzes.
OR
Log In

You Might Also Like...

Show Comments

Extras

Top Quizzes Today


Score Distribution

Your Account Isn't Verified!

In order to create a playlist on Sporcle, you need to verify the email address you used during registration. Go to your Sporcle Settings to finish the process.

Report this User

Report this user for behavior that violates our Community Guidelines.

Details: